Statistiques concernant Football: Les Champions de France et derniers L1 de 1933 à nos jours

Cliquez ici pour prendre le quiz!

Statistiques générales

  • Ce quiz a été pris 2 562 fois
    (167 depuis la dernière actualisation)
  • Le résultat moyen est 60 sur 89

Statistiques - réponses

Dernier% Correct
20Olympique de Marseille
100%
20Olympique de Marseille
100%
Paris SG
100%
Lille OSC
99%
Olympique Lillois
99%
Olympique Lyonnais
98%
AS Monaco
97%
AS Saint-Etienne
95%
20FC Nantes
94%
20Girondins de Bordeaux
92%
20Montpellier HSC
90%
18Montpellier HSC
90%
20Montpellier PSC
90%
18SO Montpellier
90%
20RC Lens
88%
20RC Lens
88%
Clermont Foot 63
85%
20FC Metz
85%
20FC Metz
85%
20FC Metz
85%
18FC Metz
85%
18RC Strasbourg
85%
18RC Strasbourg
85%
18Toulouse FC
85%
20OGC Nice
84%
18OGC Nice
84%
18OGC Nice
84%
20SCO Angers
83%
20SCO Angers
83%
20Stade de Reims
83%
20RC Paris
81%
20Stade Rennais FC
81%
20Stade Rennais FC
81%
20Stade Rennais FC
81%
20Stade Rennais FC
81%
20AJ Auxerre
80%
20Red Star FC
80%
18Red Star OA
80%
20Red Star OA
80%
14CA Paris
78%
20Stade Brestois
78%
20Stade Brestois
78%
20Stade de Paris
78%
18Stade Français FC
78%
18FC Lorient
74%
18FC Sochaux-Montbéliard
73%
20FC Sochaux-Montbéliard
73%
20AC Ajaccio
69%
20AC Ajaccio
69%
20AS Nancy-Lorraine
69%
18FC Nancy
69%
20SC Bastia
69%
20SEC Bastia
69%
20Le Havre AC
66%
20Le Havre AC
66%
20AS Troyes-Savinienne
65%
18AS Troyes-Savinienne
65%
20ES Troyes AC
65%
20ES Troyes AC
65%
20Nîmes Olympique
63%
16SC Nîmes
63%
Dijon FCO
61%
EA Guingamp
60%
20Grenoble Foot 38
60%
18US Valenciennes-Anzin
54%
16US Valenciennes-Anzin
54%
20AC Arles-Avignon
52%
20CS Sedan Ardennes
49%
20CS Sedan Ardennes
49%
18SC Toulon
49%
18AS Cannes
48%
18AS Cannes
48%
20FC Rouen
46%
20FC Rouen
46%
18FC Sète
42%
18CO Roubaix-Tourcoing
39%
16RC Roubaix
39%
20Istres FC
32%
20FC Mulhouse
25%
20FC Mulhouse
25%
16FC Mulhouse
25%
10FC Mulhouse
25%
20Olympique Avignonnais
23%
18AS Béziers
21%
20FC Martigues
21%
20AS Aix-en-Provence
15%
20AS Angoulême
15%
10Olympique Alès
10%
16Olympique Alès
10%

Distribution des résultats

Percentile par nombre de réponses

% des personnes avec chaque résultat

Votre développement - résultats

Vous n’avez pas pris ce quiz depuis la dernière actualisation